Η συμβολή της απόταμιεύσεως εις την ανάπτυξιν της οικονομίας της χώρας
Αποθηκεύτηκε σε:
| Συγγραφή απο Οργανισμό/Αρχή: | |
|---|---|
| Μορφή: | Βιβλίο |
| Γλώσσα: | Greek |
| Δημοσίευση: |
Αθήναι :
Εθνική Τράπεζα της Ελλάδος,
1960.
|
| Θέματα: | |
| Ετικέτες: |
Προσθήκη ετικέτας
Δεν υπάρχουν, Καταχωρήστε ετικέτα πρώτοι!
|
MARC
| LEADER | 00000cam a2200000 a 4500 | ||
|---|---|---|---|
| 001 | 1/121961 | ||
| 008 | 200819t1960####gr | ||| |||| ||gre|| | ||
| 040 | |a GR-MyUa |b gre |c GR-MyUa |e AACR2 | ||
| 041 | 0 | |a gre | |
| 082 | 7 | |a 332.0415 |2 (23) | |
| 245 | 1 | 2 | |a Η συμβολή της απόταμιεύσεως εις την ανάπτυξιν της οικονομίας της χώρας / |c Εθνική Τράπεζα της Ελλάδος. |
| 260 | |a Αθήναι : |b Εθνική Τράπεζα της Ελλάδος, |c 1960. | ||
| 300 | |a 54 σ. : |b εικ. ; |c 24 εκ. | ||
| 500 | |a Ο Β' μαθηματικός διαγωνισμός εκθέσεων της Εθνικής Τραπέζης της Ελλάδος και η τελετή απονομής των βραβείων. | ||
| 650 | 0 | |a Economic development |z Greece. | |
| 650 | 0 | |a Competition |x Study and teaching. | |
| 651 | 0 | |a Greece |x Economic conditions. | |
| 710 | 2 | |a Εθνική Τράπεζα της Ελλάδος. | |
| 852 | |a INST |b SAMOS |c PORFYRIADA |e 20200819 |h 332.0415 ΣΥΜ |p 005300046696 |q 005300046696 |t NOLOAN |y 23 | ||
| 920 | |a Πορφυριάδα |b Δημοτικό Σχολείο Μεσαίου Καρλοβάσου, |y Σάμος |z 2010-12 | ||
| 970 | |a Φιλιππή |b Φάλη |z 19-08-2020 | ||